000 00386nam a2200169Ia 4500
008 230524s9999 xx 000 0 und d
020 _a8120308948
082 _a620.1
_bMOH
100 _aA.K.Mohanty
245 0 _aFluid Mechanics
250 _a2ND
260 _aNEW DELHI
_bPHI
_c2002
300 _aVIII;525
500 _aQuantity Number: 32
650 _aMechanics
942 _cBK
999 _c28858
_d28858